Statistics for Famous People by Signature #2

Click here to take the quiz!

General Stats

  • This quiz has been taken 33 times
    (16 since last reset)
  • The average score is 5 of 12

Answer Stats

Answer% Correct
Woody Allen
93%
Adolf Hitler
73%
Charlie Chaplin
67%
Marilyn Monroe
67%
Che Guevara
53%
Joseph Pulitzer
53%
Benito Mussolini
40%
Michael Jackson
27%
Eminem
20%
Mao Zedong
13%
Simon Bolivar
7%
Fidel Castro
0%

Score Distribution

Percentile by Number Answered

Percent of People with Each Score

Your Score History

You have not taken this quiz since the last reset